LEADER 03628oam 2200709I 450 001 9910450440703321 005 20200520144314.0 010 $a0-203-00977-0 010 $a0-203-16980-8 010 $a1-280-33522-X 010 $a1-134-70277-9 024 7 $a10.4324/9780203009772 035 $a(CKB)1000000000248270 035 $a(EBL)165177 035 $a(OCoLC)304130421 035 $a(SSID)ssj0000115076 035 $a(PQKBManifestationID)11878999 035 $a(PQKBTitleCode)TC0000115076 035 $a(PQKBWorkID)10008328 035 $a(PQKB)11255947 035 $a(SSID)ssj0000290503 035 $a(PQKBManifestationID)12112496 035 $a(PQKBTitleCode)TC0000290503 035 $a(PQKBWorkID)10412001 035 $a(PQKB)11539182 035 $aebr5001330 035 $a(MiAaPQ)EBC165177 035 $a(Au-PeEL)EBL165177 035 $a(CaPaEBR)ebr10070546 035 $a(CaONFJC)MIL33522 035 $a(OCoLC)826514590 035 $a(EXLCZ)991000000000248270 100 $a20180331d1999 uy 0 101 0 $aeng 135 $aurcn||||||||| 181 $ctxt 182 $cc 183 $acr 200 00$aBritish science fiction cinema /$fedited by I.Q. Hunter 210 1$aLondon ;$aNew York :$cRoutledge,$d1999. 215 $a1 online resource (231 p.) 225 1 $aBritish popular cinema 300 $aDescription based upon print version of record. 311 $a0-415-16868-6 311 $a0-415-16867-8 320 $aFilmography: p. [181]-208. 320 $aIncludes bibliographical references and index. 327 $aBook Cover; Title; Contents; List of illustrations; Notes on contributors; Acknowledgements; Introduction: the strange world of the British science fiction film; Things to Come and science fiction in the 1930's; 'We're the Martians now': British sf invasion fantasies of the 1950's and 1960's; Apocalypse then!: the ultimate monstrosity and strange things on the coastan interview with Nigel Kneale; Alien women: the politics of sexual difference in British sf pulp cinema; 'A stiff upper lip and a trembling lower one': John Wyndham on screen 327 $aTrashing London: the British colossal creature film and fantasies of mass destruction The Day the Earth Caught Fire; Adapting telefantasy: the Doctor Who and the Daleks films; 'A bit of the old ultra-violence': A Clockwork Orange; The British post-Alien intrusion film; Dream girls and mechanic panic: dystopia and its others in Brazil and Nineteen Eighty-Four; 'No flesh shall be spared': Richard Stanley's Hardware; Filmography; Index 330 $aBritish Science Fiction Cinema is the first substantial study of a genre which, despite a sometimes troubled history, has produced some of the best British films, from the prewar classic Things to Come to Alien made in Britain by a British director. The contributors to this rich and provocative collection explore the diverse strangeness of British science fiction, from literary adaptions like Nineteen Eighty-Four and A Clockwork Orange to pulp fantasies and 'creature features' far removed from the acceptable face of British cinema.Through case studies of 410 0$aBritish popular cinema. 606 $aScience fiction films$zGreat Britain$xHistory and criticism 608 $aElectronic books. 615 0$aScience fiction films$xHistory and criticism. 676 $a791.43/615 701 $aHunter$b I. Q.$f1964-$0952199 801 0$bFlBoTFG 801 1$bFlBoTFG 906 $aBOOK 912 $a9910450440703321 996 $aBritish science fiction cinema$92193320 997 $aUNINA LEADER 01704nam a2200505 i 4500 001 991000711739707536 005 20020507172611.0 008 941118s1983 ||| ||| | eng 020 $a3540123148 035 $ab10746638-39ule_inst 035 $aLE01301093$9ExL 040 $aDip.to Matematica$beng 082 0 $a510 084 $aAMS 42-06 084 $aAMS 42A45 084 $aAMS 42A61 084 $aAMS 42A99 084 $aAMS 43A15 084 $aAMS 43A46 084 $aAMS 46-XX 084 $aAMS 46A20 084 $aAMS 46B25 084 $aAMS 46B99 084 $aAMS 46C99 084 $aAMS 46J10 084 $aAMS 46J15 084 $aAMS 47A30 084 $aAMS 47B10 084 $aAMS 60G99 100 1 $aBlei, R. C.$0534760 245 10$aBanach spaces, harmonic analysis, and probability theory :$bproceedings of the Special Year in Analysis, held at the University of Connecticut, 1980-1981 /$cedited by R. C. Blei and S. J. Sidney 260 $aBerlin ; New York :$bSpringer-Verlag,$c1983 300 $aiv, 173 p. :$bill. ;$c25 cm. 490 0 $aLecture notes in mathematics,$x0075-8434 ;$v995 500 $aIncludes bibliographies 650 0$aBanach spaces$xCongresses 650 4$aHarmonic analysis$xCongresses 650 4$aProbability theory$xCongresses 700 1 $aSidney, S. J. 907 $a.b10746638$b23-02-17$c28-06-02 912 $a991000711739707536 945 $aLE013 46-XX BLE11 (1983)$g1$i2013000015781$lle013$o-$pE0.00$q-$rl$s- $t0$u0$v0$w0$x0$y.i10838946$z28-06-02 996 $aBanach spaces, harmonic analysis, and probability theory$9911683 997 $aUNISALENTO 998 $ale013$b01-01-94$cm$da $e-$feng$gxx $h0$i1